Top 10 NFL WR'S Of All Time. - Statistics

General Stats
  • This quiz has been taken 87 times
  • The average score is 7 of 10
Answer Stats
Hint Answer % Correct
8. Detroit Lions (2007-2015) Calvin Johnson
97%
3. Vikings, Raiders, Patriots, Titans, 49ers (1998-2012) Randy Moss
97%
1. 49ers, Raiders, Seahawks (1985-2004) Jerry Rice
94%
9. Indianapolis Colts (1996-2008) Marvin Harrison
89%
7. Arizona Cardinals (2004-2020) Larry Fitzgerald
87%
6. 49ers, Eagles, Cowboys, Bills, Bengals (1996-2010) Terrell Owens
66%
5. Seattle Seahawks (1976-1989) Steve Largent
58%
2. Greenbay Packers (1935-1945) Don Hutson
31%
4. Chargers, Cowboys (1962-1972) Lance Alworth
25%
10. Baltimore Colts (1955-1967) Raymond Berry
15%
No matching quizzes found
Score Distribution
Percent of People with Each Score
Percentile by Number Answered
Your Score History
You have not taken this quiz